000 00801nam a2200181 a 4500
008 160421s2012 ||||||||||||||||| || u
020 _a9780821389591
050 _aQC 981.8.C5 Wor
110 _aWorld Bank
245 1 4 _aThe little data book on climate change
_cBy The World Bank
260 _aWashington D.C
_bThe International Bank for Reconstruction
_c2012
300 _avi, 253p.
350 _a15.00
650 _aCLIMATE CHANGES -- INDICATORS
650 _aCLIMATE CHANGES -- GLOBAL ASPECTS
995 _aSPECIAL COLLECTIONS
_eB2183
_FCBU-MAIN LIBRARY (Kitwe)
_I15.00
_jIBRD(058)LDB/2011
_M2
_UAVAILABLE
_WMay 24, 2016
_yB2183
_ZInternational Publications
995 _aREFERENCE BOOKS
_e746404
_FCBU-MAIN LIBRARY (Kitwe)
_I15.00
_jQC 981.8.C5 Wor
_M1
_UAVAILABLE
_WApr 26, 2016
_y746404
_ZReference Collection
999 _c80740
_d80740